Practical Advances in Petroleum Processing. (Record no. 7389)

MARC details
000 -LEADER
fixed length control field 01398cam a22003377a 4500
001 - CONTROL NUMBER
control field 13923097
003 - CONTROL NUMBER IDENTIFIER
control field OSt
005 - DATE AND TIME OF LATEST TRANSACTION
control field 20251009121345.0
008 - FIXED-LENGTH DATA ELEMENTS--GENERAL INFORMATION
fixed length control field 050407s2006 nyua b 001 0 eng d
010 ## - LIBRARY OF CONGRESS CONTROL NUMBER
LC control number 2005925505
020 ## - INTERNATIONAL STANDARD BOOK NUMBER
International Standard Book Number 0387258116
020 ## - INTERNATIONAL STANDARD BOOK NUMBER
International Standard Book Number 9780387258119
035 ## - SYSTEM CONTROL NUMBER
System control number (OCoLC)ocm65394040
040 ## - CATALOGING SOURCE
Original cataloging agency IXA
Transcribing agency DDC
Modifying agency BAKER
-- DLC
042 ## - AUTHENTICATION CODE
Authentication code lccopycat
050 00 - LIBRARY OF CONGRESS CALL NUMBER
Classification number TP690
Item number .P68 2006
082 00 - DEWEY DECIMAL CLASSIFICATION NUMBER
Classification number 665.5 PRA 2006.
100 ## - MAIN ENTRY--PERSONAL NAME
Personal name Edited by Hsu,Chang S.; Robinson,Paul R.;
9 (RLIN) 15131
245 00 - TITLE STATEMENT
Title Practical Advances in Petroleum Processing.
250 ## - EDITION STATEMENT
Edition statement Volume 1.
260 ## - PUBLICATION, DISTRIBUTION, ETC. (IMPRINT)
Place of publication, distribution, etc. New York;
Name of publisher, distributor, etc. Springer.
Date of publication, distribution, etc. c2006.
300 ## - PHYSICAL DESCRIPTION
Extent xxviii,453p;
Other physical details ill;
Dimensions 24cm.
504 ## - BIBLIOGRAPHY, ETC. NOTE
Bibliography, etc Includes; bibliographical references and indexes.
650 #0 - SUBJECT ADDED ENTRY--TOPICAL TERM
Topical term or geographic name as entry element Engineering.
9 (RLIN) 373
856 42 - ELECTRONIC LOCATION AND ACCESS
Materials specified Publisher description
Uniform Resource Identifier <a href="http://www.loc.gov/catdir/enhancements/fy0663/2005925505-d.html">http://www.loc.gov/catdir/enhancements/fy0663/2005925505-d.html</a>
856 42 - ELECTRONIC LOCATION AND ACCESS
Materials specified Contributor biographical information
Uniform Resource Identifier <a href="http://www.loc.gov/catdir/enhancements/fy0824/2005925505-b.html">http://www.loc.gov/catdir/enhancements/fy0824/2005925505-b.html</a>
856 41 - ELECTRONIC LOCATION AND ACCESS
Materials specified Table of contents only
Uniform Resource Identifier <a href="http://www.loc.gov/catdir/enhancements/fy0824/2005925505-t.html">http://www.loc.gov/catdir/enhancements/fy0824/2005925505-t.html</a>
906 ## - LOCAL DATA ELEMENT F, LDF (RLIN)
a 7
b cbc
c copycat
d 2
e epcn
f 20
g y-gencatlg
942 ## - ADDED ENTRY ELEMENTS (KOHA)
Source of classification or shelving scheme Dewey Decimal Classification
Koha item type Open Shelf
Holdings
Withdrawn status Lost status Source of classification or shelving scheme Damaged status Not for loan Home library Current library Date acquired Source of acquisition Inventory number Total Checkouts Full call number Barcode Date last seen Koha item type
    Dewey Decimal Classification     MUST Main Library MUST Main Library 26/10/2021 Purchase 21/41604   665.5 PRA 2006. 2021-1540 26/10/2021 Open Shelf